Zungenbrecher "Der dicke dachdecker" Text - Statistiken

Allgemein
  • Dieses Quiz wurde 946 mal gespielt
  • Das Durchschnittsergebnis liegt bei 64 aus 206
Antwortstatistiken
Antwort % Korrekt
Der
96%
Dicke
94%
Da
93%
Dach,
93%
Dach
93%
Dachdecker
92%
deckt
91%
Deckt,
91%
Deckt
91%
Das
90%
Nicht
61%
Mein
57%
Nachbardach
53%
Nein,
51%
Macht
42%
Ich
41%
Krach
41%
Um
41%
Ach
40%
Schon
40%
Wach
40%
Er
39%
Acht
38%
Uhr
38%
Den
37%
Die
37%
Heut'
35%
Und
34%
Wurd'
34%
Früh
31%
Wie
31%
Davon
30%
Heute
30%
So
30%
Was
30%
Hätte
29%
Viel
27%
Gedacht,
25%
Decker
24%
Nie
24%
Dem
23%
Du
23%
Auf,
19%
Es
19%
Mit
19%
Des
18%
Mich,
18%
Mich
18%
Auch
16%
Doch
16%
Frage
16%
Von
16%
Bezweckt,
14%
Geh'
14%
Mir
14%
Über
14%
Zu
14%
Diesem
13%
Geht
13%
Ob
13%
Sag'
13%
Seinem
13%
Ab
12%
Am
12%
Bis
12%
Dieser
12%
Im
12%
In
12%
Noch
12%
Wecker"
12%
Wird
12%
Dicken
11%
Gleich
11%
Sich
11%
Spät
11%
Black &
10%
Ganzen
10%
Rüber
10%
Sowas
10%
Stecker!
10%
Tach
10%
Tach,
10%
Vom
10%
auf'n
9%
Dachdeck-Didaktik
9%
Dachziegelschneidegerät
9%
Elektrischen
9%
Erstreckt
9%
Mecker'
9%
Oh,
9%
Werde
9%
Zieh'
9%
Arbeitet
8%
Einem
8%
Fällt
8%
Fett
8%
Konkret:"
8%
Nacht
8%
Prachtobjekt
8%
Über'n
8%
Bevor
7%
Buch
7%
Dachdeckers
7%
Demnächst
7%
Ewig
7%
Gedeckt
7%
Hier
7%
Immer
7%
Korrekt
7%
Leider
7%
Mehr
7%
Nächsten
7%
Schreck!
7%
Weitergeht
7%
Wieder
7%
Geweckt
6%
Keck
6%
Schreiben
6%
Dachdeck-Taktik
5%
Könnte
5%
Krach-Comeback
5%
Unsanft
5%
Achterdeck
4%
Affekt,
4%
Aus
4%
Beobachte,
4%
Bewundere
4%
Eintracht,
4%
Während
4%
Wünsch'
4%
Befinde
3%
Digga
3%
Ey,
3%
Hinüber
3%
Luge
3%
Perfekter,
3%
Respekt!
3%
Seitdem
3%
Sofort
3%
Trauter
3%
Typ
3%
Direkt,
2%
Glatt'n
2%
Keine übereinstimmenden Quizze gefunden
Verteilung der Resultate
Anzahl Personen mit jedem Resultat
Perzentil nach korrekt beantworteten Fragen
Ihre Resultats-Entwicklung
Sie haben dieses Quiz noch nicht gespielt